International industrial prospects monthly review

Detalles Bibliográficos
Formato: Desconocido
Lenguaje:inglés
Publicado: Oxford : Oxford Economic Forecasting
Materias:
Acceso en línea:Acceso restringido

MARC

LEADER 00000ny a22000003n 4500
005 20110513142920.0
008 030109c19uu9999uk br p | b0eng d
035 |a 5126 
040 |a BUS  |d vLex 
090 |c 1902  |d 1902 
245 3 0 |a International industrial prospects monthly review  |h [Recurso electrn̤ico] 
256 |a Servicio en ln̕ea 
260 |a Oxford :  |b Oxford Economic Forecasting 
310 |a Mensual 
650 0 4 |a Gestin̤ de empresas  |x Publicaciones perid̤icas 
740 0 |a vLex Revista (Servicios en ln̕ea) 
843 |a Electrn̤ica. Abierta 
853 |8 1  |i (year)  |j (month)  |k (day) 
856 4 0 |z Acceso restringido  |u http://vlex.com/account/login_ip?fuente_id=5126 
942 |c REV